000 02144nam a22002777a 4500
999 _c56987
_d56987
003 Ge_BSU
005 20190920154434.0
008 190920s2016 ge ||||| |||| 00| 0 geo d
020 _a9789941097256
041 _ageo
080 _a81 '24(072) +81 '373 ბ-18
100 _aმაკენდრიუსი, სტეფანი ლ.
_94196
245 _aწიგნიერების დიაგნოსტიკური შეფასება და სწავლების სტრატეგიები: რესურსი წიგნიერების სპეციალისტისთვის /
_cსტეფანი ლ. მაკენდრიუსი ; მთარგმ : ქეთევან გოჩიტაშვილი, ნათია გორგაძე ; რედ : კახა გაბუნია.
264 _aთბილისი,
_c 2016.
300 _a296 გვ. :
_c29 სმ.
504 _aბიბლიოგრ.: გვ. 289-296.
521 _aწიგნი ითარგმნა Tempus-ის (ევროკომისია) საერთაშორისო პროექტის ”მულტილინგვურ მასწავლებელთა მომზადების პროგრამების შექმნა და დანერგვა საქართველოსა და უკრაინის უნივერსიტეტებში” ფარგლებში.
653 _aენის სწავლების მეთოდიკა
653 _aენის ლექსიკა
653 _aფონოლოგია
653 _aმეტყველების განვითარება მოსწავლეებში
700 _aგოჩიტაშვილი, ქეთევან
_eმთარგმნელი
_94197
700 _aგორგაძე , ნათია
_eმთარგმნელი
_94198
700 _aგაბუნია , კახა
_eრედაქტორი
_94175
942 _2udc
_cBK